Musical experience / (Record no. 17221)

000 -LEADER
fixed length control field 01195cam a22002894a 4500
008 - FIXED-LENGTH DATA ELEMENTS--GENERAL INFORMATION
fixed length control field 140305s2014 iauab 001 0deng d
010 ## - LIBRARY OF CONGRESS CONTROL NUMBER
LC control number 2014563337
020 ## - INTERNATIONAL STANDARD BOOK NUMBER
International Standard Book Number 1465213821
020 ## - INTERNATIONAL STANDARD BOOK NUMBER
International Standard Book Number 9781465213822
050 00 - LIBRARY OF CONGRESS CALL NUMBER
Classification number MT90 .C55 2014
100 1# - MAIN ENTRY--PERSONAL NAME
Personal name Chiego, John J.
245 10 - TITLE STATEMENT
Title Musical experience /
Statement of responsibility, etc. John J. Chiego.
250 ## - EDITION STATEMENT
Edition statement 3rd ed.
260 ## - PUBLICATION, DISTRIBUTION, ETC. (IMPRINT)
Place of publication, distribution, etc. Dubuque :
Name of publisher, distributor, etc. Kendall/Hunt Pub.,
Date of publication, distribution, etc. [2014]
300 ## - PHYSICAL DESCRIPTION
Extent xxvii, 331 p. :
Other physical details ill., maps ;
Dimensions 26 cm.
500 ## - GENERAL NOTE
General note Includes index.
650 #0 - SUBJECT ADDED ENTRY--TOPICAL TERM
Topical term or geographic name as entry element Music appreciation.
942 ## - ADDED ENTRY ELEMENTS (KOHA)
Source of classification or shelving scheme
Koha item type Hard Covered Materials
Classification part MT90 .C55 2014
Holdings
Withdrawn status Lost status Source of classification or shelving scheme Damaged status Not for loan Home library Current library Shelving location Date acquired Source of acquisition Total Checkouts Full call number Barcode Date last seen Price effective from Koha item type
          MACHAKOS UNIVERSITY LIBRARY MACHAKOS UNIVERSITY LIBRARY Technical section 22/11/2016 Donation(BFA)   MT90 .C55 2014 27194 08/06/2018 22/11/2016 Hard Covered Materials
© Machakos University Library, Along The Highway, Machakos Wote Rd, Machakos, Kenya P.O. Box 136 - 90100 Machakos - Kenya

Tel: ( +254 ) 723 805829 OR Fax : 044-20353 OR Email: library@mksu.ac.ke